000 00992nam a22003017i 4500
003 EG-GICUC
005 20260513170157.0
008 260513s1906 enk||||fr|||| 00| 0 eng d
040 _aEG-GiCUC
_beng
_cEG-GiCUC
_dEG-GiCUC
_erda
041 0 _aeng
_heng
082 0 4 _221
_a343.83
_bSE .H
092 0 4 _221
099 _aLaw1 10 343.83 SE .H 1906
100 1 _aSellers, William.
_eAuthor.
245 1 2 _aA handbook of legal medicine :
_b intended for the use of the legal profession /
_cWilliam Sellers.
264 _aManchester :
_bThe Victoria University of Manchester.
_c1906.
300 _a204 pages :
_billustrations,
_c24 cm
336 _2rda content
_atext
337 _2rda media
_aComputer
338 _2rda carrier
_aOnline Resource
504 _aBibliography: pages 200-250.
546 _aText in English
650 1 _aForensic medicine
_2qrmak
651 1 _2qrmak
856 4 0 _uhttps://fll.law.cu.edu.eg/fulltext/bks/B10-11173.pdf
905 _a44
942 _2ddc
_cBK
_e21
_n0
999 _c76799
_d76799